00782nam a2200229 a 450000100060000000300080000600500170001400800410003103500190007203500190009104000310011004100080014108200260014924501060017526000960028130000150037750400360039250500590042865000220048770000160050970000270052563161BD-RjUL20211209081150.0170128n1976 ii f001 0 eng  a(BD-RjUL)63289 a(OCoLC)3023938 aDLCcNNepaSUdBD-RjULbeng aeng 223a370.954bSEL 197600aSelections from educational records of the Government of India /cJ. P. Naik and Suresh Chandra Ghosh aDelhi :b Zakir Husain Centre for Educational Studies, Jawaharlal Nehru University, c1976. av.c25 cm. aIncludes index and bibliography0 a V. 1 (Development of university education, 1859-79)-- 0aEducationzIndia. aNaik, J. P. aGhosh, Suresh Chandra